[Event "BL2-Nord 0405"]
[Site "Germany"]
[Date "2004.11.14"]
[Round "2.4"]
[White "Dyballa, Markus"]
[Black "Schleicher, Guido"]
[Result "0-1"]
[WhiteElo "2398"]
[BlackElo "2216"]
[PlyCount "108"]
[EventDate "2004.10.24"]
[EventType "team-tourn"]
[EventRounds "9"]
[EventCountry "GER"]
[SourceTitle "EXT 2007"]
[Source "ChessBase"]
[SourceDate "2006.11.23"]
[SourceVersion "1"]
[SourceVersionDate "2006.11.23"]
[SourceQuality "1"]
[WhiteTeam "Kreuzberg II"]
[BlackTeam "Hamburg Koenigsspringer"]
[WhiteTeamCountry "GER"]
[BlackTeamCountry "GER"]

1. d4 f5 2. Nf3 Nf6 3. g3 g6 4. Bg2 Bg7 5. 0-0 0-0 6. b3 d6 7. Bb2 Nc6 8. d5 Nb4 9. c4 a5 10. Nbd2 Bd7 11. Nd4 Qe8 12. Bc3 c5 13. dxc6 Nxc6 14. Nb5 Rc8 15. a4 g5 16. e3 f4 17. exf4 gxf4 18. Ne4 Qg6 19. Nxf6+ Bxf6 20. Re1 fxg3 21. hxg3 Bxc3 22. Nxc3 Bg4 23. Qd5+ Kh8 24. Re3 Rf7 25. Rae1 Rcf8 26. f4 Bf5 27. Ne4 Qg7 28. Ng5 Rf6 29. Qd2 e5 30. c5 exf4 31. gxf4 dxc5 32. Qc3 h6 33. Ne6 Bxe6 34. Rxe6 Rxe6 35. Qxg7+ Kxg7 36. Rxe6 Rf6 37. Re4 Nd4 38. Re7+ Rf7 39. Rxf7+ Kxf7 40. Bxb7 Kf6 41. Kf2 Nxb3 42. Ke3 c4 43. Bd5 Nc5 44. Bxc4 Nxa4 45. Kd4 Nb6 46. Bg8 Kf5 47. Kc5 Nd7+ 48. Kb5 h5 49. Bd5 Nf6 50. Bh1 Kxf4 51. Kxa5 h4 52. Kb4 h3 53. Kc3 Ke3 54. Kc2 Ne4 0-1

[Event "BL2-Nord 0304"]
[Site "Germany"]
[Date "2004.??.??"]
[Round "?.4"]
[White "Dietz, Juergen"]
[Black "Dyballa, Markus"]
[Result "0-1"]
[WhiteElo "2275"]
[BlackElo "2360"]
[PlyCount "54"]
[EventDate "2003.10.??"]
[EventType "team-tourn"]
[EventRounds "9"]
[EventCountry "GER"]
[SourceTitle "CBM 100 Extra"]
[Source "ChessBase"]
[SourceDate "2004.07.06"]
[SourceVersion "2"]
[SourceVersionDate "2004.07.06"]
[SourceQuality "1"]
[WhiteTeam "Hamburg Schachfreunde"]
[BlackTeam "Kreuzberg"]
[WhiteTeamCountry "GER"]
[BlackTeamCountry "GER"]

1. f4 g6 2. Nf3 c5 3. g3 d5 4. Bg2 Bg7 5. 0-0 Nc6 6. Nc3 d4 7. Ne4 Qb6 8. d3 Nf6 9. e3 Nd5 10. Qe2 0-0 11. Nh4 Bd7 12. Ng5 Nxe3 13. Bxe3 dxe3 14. c3 Rad8 15. Ne4 Bc8 16. Rab1 Be6 17. b3 f5 18. Ng5 Bc8 19. Rbc1 e5 20. Qxe3 Rxd3 21. Qxd3 c4+ 22. Kh1 cxd3 23. Bd5+ Kh8 24. Nf7+ Rxf7 25. Bxf7 e4 26. Ng2 Nd8 27. Bc4 Be6 0-1

[Event "Berlin Unicorn op"]
[Site "Berlin"]
[Date "2003.05.29"]
[Round "2"]
[White "Dyballa, Markus"]
[Black "Jenull, Marco S"]
[Result "1-0"]
[WhiteElo "2371"]
[BlackElo "2191"]
[PlyCount "85"]
[EventDate "2003.05.28"]
[EventType "swiss"]
[EventRounds "7"]
[EventCountry "GER"]
[SourceTitle "CBM 094 Extra"]
[Source "ChessBase"]
[SourceDate "2003.07.09"]
[SourceVersion "2"]
[SourceVersionDate "2003.07.09"]
[SourceQuality "1"]

1. c4 c6 2. e4 d5 3. exd5 cxd5 4. d4 Nf6 5. Nc3 e6 6. Nf3 Bb4 7. cxd5 Nxd5 8. Bd2 Nc6 9. Bd3 0-0 10. 0-0 Be7 11. a3 Nxc3 12. Bxc3 b6 13. Qe2 Bb7 14. Rad1 Bf6 15. Qe4 g6 16. Qf4 Bg7 17. Be4 Qb8 18. Qh4 Qd8 19. Qh3 Na5 20. Bxb7 Nxb7 21. Bd2 h5 22. Qg3 Qd5 23. Bf4 Rfd8 24. Be5 Nd6 25. Rfe1 Nf5 26. Qf4 f6 27. g4 fxe5 28. dxe5 Qxd1 29. gxf5 Qd3 30. f6 Qf5 31. Qxf5 gxf5 32. fxg7 Kxg7 33. Ng5 Re8 34. Rd1 Re7 35. Rd6 Rae8 36. f4 Kg8 37. Kf2 Rc8 38. Nxe6 Rc2+ 39. Kg3 Rxb2 40. h3 Kf7 41. Ng5+ Kg7 42. Ne6+ Kh7 43. Kh4 1-0

[Event "Oberliga Nord O 0203"]
[Site "Germany"]
[Date "2003.03.30"]
[Round "9.3"]
[White "Gallien, Fabian"]
[Black "Dyballa, Markus"]
[Result "0-1"]
[WhiteElo "2155"]
[BlackElo "2359"]
[PlyCount "86"]
[EventDate "2002.10.20"]
[EventType "team"]
[EventRounds "9"]
[EventCountry "GER"]
[SourceTitle "EXT 2009"]
[Source "ChessBase"]
[SourceDate "2008.11.26"]
[SourceVersion "1"]
[SourceVersionDate "2008.11.26"]
[SourceQuality "1"]
[WhiteTeam "Lasker Steglitz"]
[BlackTeam "Kreuzberg"]
[WhiteTeamCountry "GER"]
[BlackTeamCountry "GER"]

1. d4 Nf6 2. Bg5 Ne4 3. Bf4 c5 4. f3 Nf6 5. dxc5 Qa5+ 6. Qd2 Qxc5 7. e4 d6 8. Be3 Qc7 9. Nc3 a6 10. Nge2 e6 11. g4 h6 12. Bg2 Nc6 13. h3 Ne5 14. b3 Be7 15. f4 Ng6 16. 0-0 Bd7 17. Nd1 Bc6 18. Nf2 b5 19. Nd4 Bb7 20. Rac1 Nh4 21. Bh1 Rd8 22. c4 bxc4 23. Rxc4 Qd7 24. Qa5 Rc8 25. Rxc8+ Bxc8 26. Nf3 Nxf3+ 27. Bxf3 0-0 28. Rc1 Bd8 29. Bb6 Bb7 30. Bxd8 Qxd8 31. Qc7 Qa8 32. Re1 d5 33. e5 Rc8 34. Qb6 Ne4 35. Qd4 Nxf2 36. Kxf2 a5 37. f5 Ba6 38. Kg3 Qc6 39. Qf4 Qc3 40. Rg1 Be2 41. Rg2 Bxf3 42. Qxf3 Qxe5+ 43. Kh4 Rc3 0-1